IMMUNOLOGY (Record no. 143)

MARC details
000 -LEADER
fixed length control field 00469nam a22001817a 4500
003 - CONTROL NUMBER IDENTIFIER
control field OSt
005 - DATE AND TIME OF LATEST TRANSACTION
control field 20260130120110.0
008 - FIXED-LENGTH DATA ELEMENTS--GENERAL INFORMATION
fixed length control field 250614b |||||||| |||| 00| 0 eng d
020 ## - INTERNATIONAL STANDARD BOOK NUMBER
International Standard Book Number 9789966226082
040 ## - CATALOGING SOURCE
Transcribing agency Outspan Global University
100 ## - MAIN ENTRY--PERSONAL NAME
Personal name Chemtai, A. K.
Relator term Author
245 ## - TITLE STATEMENT
Title IMMUNOLOGY
Statement of responsibility, etc. by A.K Chemtai.
250 ## - EDITION STATEMENT
Edition statement 3rd ed
260 ## - PUBLICATION, DISTRIBUTION, ETC.
Place of publication, distribution, etc. Kenya:
Name of publisher, distributor, etc. Jomo Kenyatta Foundation,
Date of publication, distribution, etc. c2007
300 ## - PHYSICAL DESCRIPTION
Extent 285p
700 ## - ADDED ENTRY--PERSONAL NAME
Personal name Chemtai A.K
Relator term Author
942 ## - ADDED ENTRY ELEMENTS (KOHA)
Source of classification or shelving scheme Library of Congress Classification
Koha item type Books
Suppress in OPAC No
Holdings
Withdrawn status Lost status Source of classification or shelving scheme Damaged status Not for loan Home library Current library Date acquired Total checkouts Full call number Date last seen Price effective from Koha item type
    Library of Congress Classification     2nd Floor Main Library 2nd Floor Main Library 06/14/2025   QR181.C44 2007 06/14/2025 06/14/2025 Reference